000 00778cam a2200301 4500
001 ABS67817
008 040602n2004 000 0 eng u
035 _a(Sirsi) u126374
245 _aFocus 2: Yorkshire retail and leisure
260 _c2004
490 _aEstates Gazette
_v(0422) 29 May 2004, 89-115(19)
590 _aABS
590 _aABS
650 _aYORKSHIRE
650 _aHULL
650 _aLEEDS
650 _aSHEFFIELD
650 _aBRADFORD
650 _aYORK
650 _aROTHERHAM
650 _aHUDDERSFIELD
650 _aLEISURE MARKET
650 _aPROPERTY-COMMERCIAL PROPERTY-RETAIL PROPERTY-RETAIL PROPERTY MARKET
650 _aOFFICE MARKET
650 _aINDUSTRIAL MARKET
690 _aCOMMERCIAL PROPERTY-MARKET
942 _n0
999 _c117444
_d117444